The Best Player On Every NBA Team (Healthy) - Statistics

General Stats
  • This quiz has been taken 21 times
  • The average score is 24 of 30
Answer Stats
Hint Answer % Correct
Bucks Giannis Antetokounmpo
100%
Celtics Jayson Tatum
100%
Clippers Kawhi Leonard
100%
Nets Kevin Durant
100%
Lakers LeBron James
100%
Mavericks Luka Doncic
100%
Warriors Stephen Curry
100%
Trail Blazers Damian Lillard
95%
Grizzlies Ja Morant
95%
76ers Joel Embiid
95%
Hornets LaMelo Ball
95%
Nuggets Nikola Jokic
95%
Hawks Trae Young
95%
Bulls Demar Derozan
89%
Suns Devin Booker
89%
Cavaliers Donovan Mitchell
89%
Heat Jimmy Butler
89%
Pelicans Zion Williamson
89%
Timberwolves Karl-Anthony Towns
84%
Wizards Bradley Beal
74%
Kings De'Aaron Fox
74%
Raptors Pascal Siakam
74%
Rockets Jalen Green
68%
Thunder Shai Gilgeous-Alexander
68%
Pacers Tyrese Haliburton
68%
Pistons Cade Cunningham
63%
Jazz Mike Conley
42%
Knicks R.J. Barrett
42%
Spurs Keldon Johnson
32%
Magic Wendell Carter Jr.
21%
No matching quizzes found
Score Distribution
Percent of People with Each Score
Percentile by Number Answered
Your Score History
You have not taken this quiz